• 首页
  • 本馆介绍
  • 公告通知
  • 最新文献
  • 馆藏检索
  • 电子资源
  • 读者导购
  • 参考咨询
  • 我的图书馆
  • 登录
  • 详细信息显示
  • 放入我的书架
  • 预约/预借图书
  • 作者相关作品
  • 分类相关作品
  • 丛书相关作品
  • 出版社相关作品

书目信息

  • 表格格式
  • 工作单格式
  • 卡片格式
书名: Speech, silence, action!
作者: Virginia Ramey Mollenkott.
分册号:
分册名:
出版地: Nashville :
 
出版社: Abingdon
出版时间: c1980.
页数: 144 p. ;
开本: 21 cm.
丛书名: Journeys in faith
中图分类号:
科图分类号:
其他分类号: B978
主题词:
电子资源:
000 00848cam a2200277 i 450
001 E0753166828
005 20070513145143.60
008 800505s1980 tnu 000 0aeng
010    @a80015812
020    @a0687391695.
035    @A(DLC) 80015812
040    @aDLC@cDLC@dDLC
050 00 @aBV4501.2@b.M554
082 00 @a248.4
090    @aB978
099    @dB978@ex22
100 1  @aMollenkott, Virginia R.
245 10 @aSpeech, silence, action! :@bThe cycle of faith / @cVirginia Ramey Mollenkott.
260    @aNashville :@bAbingdon,@cc1980.
300    @a144 p. ;@c21 cm.
440  0 @aJourneys in faith
600 10 @aMollenkott, Virginia R.
650  0 @aChristian biography@zUnited States.
650  0 @aChristian life.
906    @a7@bcbc@corignew@d1@eocip@f19@gy-gencatlg
991    @bc-GenColl@hBV4501.2@i.M554@p00012222816@tCopy 1@wBOOKS
    
    Speech, silence, action! : : The cycle of faith / / Virginia Ramey Mollenkott.-Nashville : : Abingdon, , c1980.
    144 p. ; ; 21 cm.- (Journeys in faith )
    
    
    ISBN 0687391695.
    
●
相关链接 在E读中查询图书 在五车中查询图书 在当当中查询图书 在豆瓣中查询图书


正题名:Speech, silence, action     索取号:B978/x22         预约/预借

序号 登录号 条形码 馆藏地/架位号 状态 备注
1 0008729   300087297   第二样本阅览室/ [索取号:B978/x22] 在馆    
唐山师范学院图书馆 欢迎您!
大连网信软件有限公司© 版权所有